00273nam a2200085Ia 4500008004100000041000800041100002100049245007200070260004500142241105s9999 xx 000 0 und d aeng aPanchpor Veidehi aDeveloing An Existing Village The Ogbc Green Villoage Rating System bBNCA M Arch Landscape Architecturec2022